Random German Vocab #3 - Statistics

General Stats
  • This quiz has been taken 63 times
  • The average score is 20 of 25
Answer Stats
Hint Answer % Correct
English Englisch
100%
French Französisch
96%
Rat Ratte
96%
I Ich
94%
(to) Speak Sprechen
94%
What Was
94%
State Staat
92%
Long Lang
91%
Fast Schnell
87%
Volcano Vulkan
87%
Camel Kamel/Trampeltier
85%
Simple Einfach
83%
Ear Ohr
81%
Fear Angst
79%
Boring Langweilig
79%
Earth Erde
77%
Cheetah Gepard
74%
Was War
72%
Rhinoceros Nashorn
70%
Porcupine Stachelschwein
68%
Joke Witz
68%
United Vereinigt
66%
(to) Grow Wachsen
57%
Iron Eisen
53%
Sphere Kugel
45%
No matching quizzes found
Score Distribution
Percent of People with Each Score
Percentile by Number Answered
Your Score History
You have not taken this quiz